| 000 | 00739nam a2200181 a 4500 | ||
|---|---|---|---|
| 005 | 20140414131931.0 | ||
| 008 | 970101s19uu xx 00 eng d | ||
| 020 | _a0-8094-4861-0 | ||
| 050 |
_aREF 629.04 _bC54 1983 |
||
| 245 |
_aWheels and wings / _ceditor C. E. Berry. |
||
| 260 |
_aHong Kong : _bTime-Life Books, _c1983. |
||
| 300 | _a87 p. : ill., col. ; cm. | ||
| 440 | _aA Child's first library of learning | ||
| 520 | _aProvides answers to questions about bikes, cars, trucks, trains, ships, submarines, planes, and rockets, including how they are built, why they work, and how to operate them safely. An activities section is included | ||
| 650 |
_aVehicles _xMiscellanea |
||
| 650 | _aQuestions and answers. | ||
| 999 |
_c112210 _d112210 |
||